| 000 | 00682nam a2200181Ia 4500 | ||
|---|---|---|---|
| 008 | 100920s9999 xx 000 0 und d | ||
| 082 |
_b73679 _a51 थ 98 |
||
| 100 | _aमंगळवेढेकर राजा. | ||
| 245 | _aनवलकथा : एका पुरुषार्थाची !. | ||
| 260 |
_bफिरोदिया अभय, पुणे. _c1998 |
||
| 300 |
_a584 _bसाधी |
||
| 365 | _b0 | ||
| 520 | _aचरित्र. | ||
| 630 | _aनवलकथा : एका पुरुषार्थाची !. | ||
| 650 | _aचरित्र. | ||
| 730 | _aनवलकथा : एका पुरुषार्थाची !. | ||
| 942 | _cBOOK | ||
| 999 |
_c715331 _d715328 |
||